Catálogo público

Normal view MARC view

Entry Título uniforme

Number of records used in: 1

001 - NÚMERO DE CONTROL

  • campo de control: 152337

003 - IDENTIFICADOR DEL NÚMERO DE CONTROL

  • campo de control: OSt

005 - FECHA Y HORA DE LA ÚLTIMA TRANSACCIÓN

  • campo de control: 20220127160335.0

008 - DATOS DE LONGITUD FIJA

  • campo de control de longitud fija: 220127|| aca||aabn | a|a d

040 ## - FUENTE DE LA CATALOGACIÓN

  • Centro catalogador/agencia de origen: OSt
  • Centro/agencia transcriptor: OSt

130 ## - ENCABEZAMIENTO--TÍTULO UNIFORME

  • Título uniforme: 1.Leche-análisis y examen/ 2.Crema-análisis y examen/ 3.Productos lácteos-análisis y examen

670 ## - FUENTE DE DATOS ENCONTRADOS

  • Cita de la fuente: Work cat.: (OSt)172694: Métodos Analíticos para Productos Lácteos, S.A